Регионална библиотека "Любен Каравелов" - Русе

Езикови упражнения (Запис номер 342425)

MARC детайли
000 -Лидер
Контролно поле с фиксирана дължина 01265nam a2200301 c 4500
003 - Код на организацията, давaща контролен номер
Контролно поле BLK
005 - Дата и час на последна редакция
Контролно поле 20230404134000.0
008 - Елементи от данни с фиксирана дължина
fixed length control field 180911b bul|||||r ||||||| ||bul||
010 ## - Наследен системен номер
LC control number 002064
040 ## - Източник на каталожния запис
Идентификатор на билиотеката - собственик на записа BLK
041 ## - Код за език
Код за езика на текст/звукозапис или на отделно заглавие Български
Код за езика КДБФ Български
080 ## - УДК
УДК - код + определител 372.46(075.2)808.101
100 1# - Редна дума - Автор
Автор Правдолюбов, Димитър
R(LIN) 396824
245 00 - Сведения за заглавието
Заглавие Езикови упражнения
246 ## - Различни форми на заглавието
Паралелно заглавие Практическа граматика : За втори клас на народните прогимназии : Граматика, писане, правопис, съчинения, изразително четене, църковнославянски четива
260 ## - Област на издателските данни
Място на издаване, разпространение и проч. София
Име на издателя, разпространителя и проч. Ст. Атанасов
Година на издаване 1932
Печатница С. М. Стайков
300 ## - Физическа характеристика
Страници 119 с
Илюстрации и др. с ил.
Размери/Мащаб 24 см
380 ## - Жанр
Жанр Общ отдел
490 ## - СЕРИИ (Колекции)
Име на серия Частна колекция - Академик Михаил Арнаудов
Бележки за серията Дарение - Основен фонд
650 #4 - Допълнително описание по предмет – тема
Основно описание – тема или топоним Езикознание, българско
9 (RLIN) 241866
650 ## - Допълнително описание по предмет – тема
Основно описание – тема или топоним Граматика
9 (RLIN) 152540
650 ## - Допълнително описание по предмет – тема
Основно описание – тема или топоним История
9 (RLIN) 396831
650 ## - Допълнително описание по предмет – тема
Основно описание – тема или топоним Учебници
9 (RLIN) 174954
655 ## - Ключова дума – жанр/разновидност
Данни за жанр/разновидност или ключова дума за фокус българско образование
852 ## - Местоположение
Форматна сигнатура МА 286
Фондова буква Фонд "Михаил Арнаудов"
999 ## - СИСТЕМНИ КОНТРОЛНИ НОМЕРА
Koha biblionumber 342425
Koha biblioitemnumber 342425
942 ## - АРТИКУЛИ
Вид на библиотечния материал Книги
Скрит в OPAC Не
Периодичен библиозапис Да
944 ## - СЪЗДАВАНЕ И РЕДАКЦИЯ на ЗАПИСА
Създаване/Редакция Създаване
Дата на регистрацията/редакция 1995
Служител, извършил регистрацията/редакцията ValK
999 ## - СИСТЕМНИ КОНТРОЛНИ НОМЕРА
Koha biblioitemnumber 342425
Наличности
Код за отписване Код за изгубен артикул Източник на класификационната схема Код за повреда Коз за рестрикции Код за отдаване Артикулен № Име на библиотеката - собственик Име на библиотеката, в която се намира в момента Статус (Текущо местоположение) Местоположение - отдел Цена в лева Номерация (Хронология) Инвентарен номер Систематично азбучна сигнатура Баркод Номер на екземпляра Цена в евро Служебен тип на артикула
  Не е изгубен Universal Decimal Classification Не е повреден без рестрикции Специални фондове ( старопечатни, редки и ценни, фонд М. Арнаудов) 742483 Регионална библиотека "Любен Каравелов" Русе Регионална библиотека "Любен Каравелов" Русе Фонд "Михаил Арнаудов" Фонд "Михаил Арнаудов" 1.50   345184 МА 286 120000345184 1 0.77 Книги
Vip Innovations Ltd, Rousse, Bulgaria 2025